[Event "WEM Meisterturnier 2015"]
[Site "Stuttgart Botnang"]
[Date "2015.09.02"]
[Round "5.12"]
[White "Reimche, Vadim"]
[Black "Schaffert, Walter"]
[Result "1-0"]
[WhiteElo "2005"]
[BlackElo "2091"]
[PlyCount "47"]
[EventDate "2015.??.??"]
[EventCountry "GER"]
[SourceDate "2015.09.01"]
[WhiteTeam "SF Ravensburg"]
[BlackTeam "SG Ludwigsburg"]

1. d4 Nf6 2. Nc3 d5 3. f3 Bf5 4. g4 Bg6 5. h4 h6 6. Bf4 c5 7. e3 Nc6 8. Bb5 Qb6
9. a4 O-O-O 10. a5 Nxa5 11. dxc5 Qxc5 12. Rxa5 Qb6 13. Qa1 e5 14. Bg3 Bb4 15.
Rxa7 Bxc3+ 16. bxc3 Qxb5 17. Bxe5 Rhe8 18. Ra5 Qc6 19. Bd4 Kd7 20. Ne2 Bxc2 21.
Kd2 Bb3 22. Rb1 Bc4 23. Rb6 Qc7 24. Qa4+ 1-0

[Event "WEM Meisterturnier 2015"]
[Site "Stuttgart Botnang"]
[Date "2015.09.02"]
[Round "5.13"]
[White "Meschke, Andreas"]
[Black "Schmidt, Olaf"]
[Result "1/2-1/2"]
[WhiteElo "2098"]
[BlackElo "2154"]
[PlyCount "24"]
[EventDate "2015.??.??"]
[EventCountry "GER"]
[SourceDate "2015.09.01"]
[WhiteTeam "SV Marbach"]
[BlackTeam "SF Pfullingen"]

1. e4 e5 2. Nf3 Nc6 3. Bc4 Bc5 4. d3 Nf6 5. Nc3 h6 6. O-O d6 7. Be3 Bb6 8. Ne2
d5 9. Bb5 O-O 10. exd5 Qxd5 11. Bxc6 bxc6 12. Nc3 Qd6 1/2-1/2

[Event "WEM Meisterturnier 2015"]
[Site "Stuttgart Botnang"]
[Date "2015.09.02"]
[Round "5.14"]
[White "Fuß, Klaus"]
[Black "Bader, Gerd"]
[Result "0-1"]
[WhiteElo "2099"]
[BlackElo "2040"]
[PlyCount "104"]
[EventDate "2015.??.??"]
[EventCountry "GER"]
[SourceDate "2015.09.01"]
[WhiteTeam "SG Turm Albstadt"]
[BlackTeam "SG Schwäbisch Gmünd"]

1. e4 e5 2. Nf3 d6 3. d4 Nd7 4. Bc4 c6 5. c3 b5 6. Bb3 Be7 7. O-O h6 8. Qe2
Ngf6 9. Rd1 Qc7 10. Nbd2 O-O 11. Nh4 Re8 12. Nf1 d5 13. exd5 Nxd5 14. Bxd5 cxd5
15. Nf5 Bf8 16. Qxb5 Nf6 17. dxe5 Qxe5 18. N5e3 Be6 19. Nc2 Rab8 20. Qd3 Bf5
21. Qd2 Ne4 22. Qxd5 Nxf2 23. Qxe5 Rxe5 24. Re1 Bc5 25. Nce3 Nd3 26. Rd1 Nxc1
27. Raxc1 Bxe3+ 28. Nxe3 Rxe3 29. Rd2 Rbe8 30. c4 Re1+ 31. Rxe1 Rxe1+ 32. Kf2
Rc1 33. b3 Rc2 34. Ke3 Rxd2 35. Kxd2 Kf8 36. Kc3 Ke7 37. b4 Kd6 38. Kd4 Bc2 39.
b5 Ba4 40. c5+ Kc7 41. Kc4 Bd1 42. Kb4 f5 43. a4 g5 44. a5 Be2 45. b6+ axb6 46.
cxb6+ Kc6 47. Kc3 Bf1 48. g3 Ba6 49. Kd4 Kd6 50. h3 h5 51. h4 g4 52. Ke3 Ke5
0-1

[Event "WEM Meisterturnier 2015"]
[Site "Stuttgart Botnang"]
[Date "2015.09.02"]
[Round "5.15"]
[White "Müller, Nils Samuel"]
[Black "Amos, Frank"]
[Result "1/2-1/2"]
[WhiteElo "1815"]
[BlackElo "2106"]
[PlyCount "82"]
[EventDate "2015.??.??"]
[EventCountry "GER"]
[SourceDate "2015.09.01"]
[WhiteTeam "SG KK Hohentübingen"]
[BlackTeam "SK Lauffen"]

1. e4 e5 2. Nf3 Nc6 3. Bb5 a6 4. Ba4 Nf6 5. d3 b5 6. Bb3 Be7 7. O-O d6 8. c3
O-O 9. Re1 Bg4 10. Nbd2 Nb8 11. Nf1 Nbd7 12. h3 Bxf3 13. Qxf3 Nc5 14. Bc2 Ne6
15. Ne3 g6 16. Bb3 Nh5 17. Ng4 Bg5 18. Be3 Qe7 19. g3 Kh8 20. h4 Bxe3 21. Nxe3
c6 22. Rad1 c5 23. Bd5 Rab8 24. Rd2 Nhg7 25. Qd1 f5 26. exf5 gxf5 27. Bg2 f4
28. Nd5 Qf7 29. Be4 Rg8 30. Kh2 fxg3+ 31. fxg3 Rbf8 32. Rg2 Nh5 33. Re3 Nf6 34.
Nxf6 Qxf6 35. Qh5 Rg7 36. Rf3 Qe7 37. Rgf2 Rxf3 38. Rxf3 Nf8 39. Rf5 Nd7 40.
Bd5 Rg6 41. Kg2 Rf6 1/2-1/2

[Event "WEM Meisterturnier 2015"]
[Site "Stuttgart Botnang"]
[Date "2015.09.03"]
[Round "6.1"]
[White "Reuß, Andreas"]
[Black "Fischer, Sebastian"]
[Result "1/2-1/2"]
[WhiteElo "2324"]
[BlackElo "2222"]
[PlyCount "44"]
[EventDate "2015.??.??"]
[EventCountry "GER"]
[SourceDate "2015.09.01"]
[WhiteTeam "Stuttgarter SF"]
[BlackTeam "TSV Schönaich"]

1. d4 f5 2. c4 Nf6 3. Nc3 e6 4. g3 Bb4 5. Bd2 c5 6. dxc5 O-O 7. Bg2 Na6 8. a3
Bxc3 9. Bxc3 Nxc5 10. Bd4 Nce4 11. b4 d6 12. Nh3 e5 13. Bb2 h6 14. f3 Ng5 15.
Nxg5 hxg5 16. Qd2 Be6 17. Rd1 Bxc4 18. Qxg5 Qb6 19. Qxf5 Rae8 20. Qc2 d5 21.
Bh3 Nh7 22. Qd2 Rf6 1/2-1/2

[Event "WEM Meisterturnier 2015"]
[Site "Stuttgart Botnang"]
[Date "2015.09.03"]
[Round "6.2"]
[White "Sokratov, Stanislav"]
[Black "Kabisch, Thilo"]
[Result "0-1"]
[WhiteElo "2192"]
[BlackElo "2286"]
[PlyCount "90"]
[EventDate "2015.??.??"]
[EventCountry "GER"]
[SourceDate "2015.09.01"]
[WhiteTeam "SC Erdmannhausen"]
[BlackTeam "SK Schmiden/Cannstatt"]

1. d4 Nf6 2. c4 g6 3. Nc3 Bg7 4. e4 d6 5. Nf3 O-O 6. h3 c5 7. d5 e5 8. Bg5 a6
9. a4 h6 10. Be3 Nh5 11. g3 Qa5 12. Nh4 Nd7 13. Be2 Ndf6 14. Kf1 Bd7 15. Ng2
Rfe8 16. Ra3 Qc7 17. Bf3 Rab8 18. Qd2 b5 19. axb5 axb5 20. cxb5 Bxb5+ 21. Kg1
Kh7 22. Kh2 Bc4 23. Rha1 Rb7 24. Be2 Bxe2 25. Qxe2 Reb8 26. Bc1 Nd7 27. Ne3 Nb6
28. Nb5 Qd7 29. Na7 Nf6 30. Nc6 Rc8 31. f3 h5 32. h4 Bh6 33. Na5 Ra7 34. Nac4
Rxa3 35. Nxb6 Rxa1 36. Nxd7 Nxd7 37. Bd2 Rb8 38. Nc4 Bxd2 39. Qxd2 Rb4 40. Ne3
Rb1 41. b3 R4xb3 42. Ng2 Rxf3 43. Qa2 Rfb3 44. Qa7 Rb7 45. Qa6 Nf6 0-1

[Event "WEM Meisterturnier 2015"]
[Site "Stuttgart Botnang"]
[Date "2015.09.03"]
[Round "6.3"]
[White "Latzke, Boris Alexander"]
[Black "Namyslo, Holger"]
[Result "0-1"]
[WhiteElo "2257"]
[BlackElo "2227"]
[PlyCount "192"]
[EventDate "2015.??.??"]
[EventCountry "GER"]
[SourceDate "2015.09.01"]
[WhiteTeam "SK Bebenhausen"]
[BlackTeam "TG Biberach"]

1. d4 d5 2. c4 e6 3. Nc3 c6 4. Nf3 Nf6 5. Bg5 Nbd7 6. e3 Qa5 7. cxd5 Nxd5 8.
Qd2 Bb4 9. Rc1 O-O 10. Bc4 N7f6 11. Bxf6 Nxf6 12. O-O Qh5 13. Be2 Qh6 14. Qc2
b6 15. Qa4 c5 16. Nb1 Bd7 17. Bb5 Bxb5 18. Qxb5 a6 19. Qxb6 Rfb8 20. Qc6 cxd4
21. Nxd4 Nd5 22. Qc2 Bd6 23. Nf3 g5 24. h3 Qg7 25. Nc3 g4 26. hxg4 Nxc3 27.
bxc3 Qxg4 28. Rfd1 Ba3 29. Rd4 Qg6 30. Qxg6+ hxg6 31. Rcd1 Rb2 32. Ra4 Rxa2 33.
Ne1 Rb8 34. Nd3 Rb3 35. Nc1 Ra1 36. Nxb3 Rxd1+ 37. Kh2 Bd6+ 38. g3 Rd3 39. Rc4
Be5 40. Nd4 Bxd4 41. exd4 a5 42. Kg2 a4 43. Rxa4 Rxc3 44. Kf1 Rc2 45. Ke1 Kg7
46. Ra3 Kf6 47. Re3 Rc4 48. Re4 Ke7 49. g4 f5 50. gxf5 gxf5 51. Rh4 Kd6 52. Ke2
Kd5 53. Rh8 Rxd4 54. Kf3 Ra4 55. Rb8 Ke5 56. Rb5+ Kf6 57. Rb6 Re4 58. Rb8 e5
59. Rf8+ Ke6 60. Re8+ Kf7 61. Ra8 Rd4 62. Ke3 Rb4 63. Ra6 Rb3+ 64. Ke2 e4 65.
Kf1 Rb2 66. Kg1 Ke7 67. Kf1 Rd2 68. Rb6 Rd6 69. Rb8 Kf6 70. Ke2 Ra6 71. Rb7 Ke5
72. Rb3 Ra2+ 73. Kf1 f4 74. Rb5+ Kd4 75. Rb4+ Kd3 76. Rb3+ Kd2 77. Rb8 Ra1+ 78.
Kg2 Rc1 79. Ra8 Rc2 80. Ra4 Kd3 81. Ra3+ Ke2 82. Ra4 Kd3 83. Ra3+ Kd2 84. Ra4
e3 85. fxe3 Kxe3+ 86. Kf1 Rc1+ 87. Kg2 f3+ 88. Kg3 Rg1+ 89. Kh2 f2 90. Ra3+ Kd4
91. Ra4+ Kc5 92. Ra5+ Kb6 93. Ra2 f1=Q 94. Rb2+ Kc5 95. Rc2+ Kd4 96. Rd2+ Ke3
0-1

[Event "WEM Meisterturnier 2015"]
[Site "Stuttgart Botnang"]
[Date "2015.09.03"]
[Round "6.4"]
[White "Grill, Bernd"]
[Black "Hirneise, Jens"]
[Result "0-1"]
[WhiteElo "2220"]
[BlackElo "2254"]
[PlyCount "138"]
[EventDate "2015.??.??"]
[EventCountry "GER"]
[SourceDate "2015.09.01"]
[WhiteTeam "SV Ebersbach"]
[BlackTeam "SF Deizisau"]

1. c4 c5 2. g3 g6 3. Bg2 Bg7 4. Nc3 Nc6 5. Nf3 d6 6. O-O e6 7. d3 Nge7 8. Bg5
h6 9. Bd2 O-O 10. a3 a6 11. Rb1 Rb8 12. b4 cxb4 13. axb4 b5 14. cxb5 axb5 15.
Qc1 Kh7 16. Qa3 d5 17. Rfc1 Qd6 18. Na2 Bd7 19. Rc5 Nd4 20. Nxd4 Bxd4 21. Rc2
Bb6 22. Qb2 e5 23. Qc1 h5 24. Be3 d4 25. Bg5 f6 26. Bd2 h4 27. Qe1 h3 28. Bh1
Be6 29. Nc1 Rbc8 30. Rbb2 Kg7 31. Bb7 Rc7 32. Rxc7 Qxc7 33. Bf3 Rc8 34. Qf1 Qd7
35. Nb3 Nd5 36. Bxd5 Bxd5 37. f3 g5 38. g4 Bxb3 39. Rxb3 Rc2 40. Qd1 Qc8 41.
Rb1 e4 42. Rc1 Rxc1 43. Qxc1 Qxc1+ 44. Bxc1 exd3 45. exd3 Bc7 46. Bd2 Bd6 47.
Kh1 Kf7 48. Kg1 Be5 49. Kh1 Kg6 50. Kg1 f5 51. Kh1 fxg4 52. fxg4 Bf4 53. Be1
Be3 54. Bg3 Kf6 55. Be5+ Ke6 56. Bxd4 Bd2 57. Bc5 Ke5 58. Kg1 Kf4 59. Kf2 Kxg4
60. Bd6 Kf5 61. Kg3 g4 62. Kf2 Ke6 63. Bc5 Bf4 64. Kg1 Kd5 65. Kh1 Be5 66. Bb6
Bd6 67. Kg1 Bxb4 68. Bc7 Bc5+ 69. Kf1 Bd6 0-1

[Event "WEM Meisterturnier 2015"]
[Site "Stuttgart Botnang"]
[Date "2015.09.03"]
[Round "6.5"]
[White "Schmidt, Tobias"]
[Black "Geshnizjani, Ramin Tobias"]
[Result "1-0"]
[WhiteElo "2121"]
[BlackElo "2081"]
[PlyCount "105"]
[EventDate "2015.??.??"]
[EventCountry "GER"]
[SourceDate "2015.09.01"]
[WhiteTeam "SC Erdmannhausen"]
[BlackTeam "Heilbronner SV"]

1. e4 c5 2. Nf3 e6 3. c3 Nf6 4. e5 Nd5 5. Bc4 d6 6. d4 cxd4 7. cxd4 Be7 8. O-O
Nc6 9. Qe2 O-O 10. Qe4 Qc7 11. Bg5 dxe5 12. Bxe7 Ncxe7 13. dxe5 Bd7 14. Nbd2
Bc6 15. Nd4 Nb6 16. Nxc6 Qxc6 17. Bd3 Qxe4 18. Bxe4 Rfd8 19. Nb3 Nbd5 20. Na5
Rd7 21. g3 Rc8 22. Rac1 Rdc7 23. Rxc7 Rxc7 24. Rd1 b6 25. Nb3 g5 26. f3 a5 27.
Rc1 Ng6 28. Rxc7 Nxc7 29. Bxg6 hxg6 30. Kf2 Nd5 31. a3 f6 32. exf6 Kf7 33. Ke2
Kxf6 34. Kd3 Ke5 35. Nd4 Nc7 36. Nb3 Kd5 37. Nd2 e5 38. Nc4 b5 39. Nxa5 g4 40.
fxg4 e4+ 41. Ke3 Ne8 42. b3 Nf6 43. h3 Nd7 44. Nb7 Kc6 45. Nd8+ Kd5 46. Nf7 Nc5
47. h4 Nxb3 48. h5 gxh5 49. gxh5 Nd4 50. g4 Nc2+ 51. Kd2 Nxa3 52. h6 Nc4+ 53.
Ke2 1-0

[Event "WEM Meisterturnier 2015"]
[Site "Stuttgart Botnang"]
[Date "2015.09.03"]
[Round "6.6"]
[White "Smolny, Frieder"]
[Black "Maj, Kornel"]
[Result "1/2-1/2"]
[WhiteElo "2156"]
[BlackElo "2051"]
[PlyCount "80"]
[EventDate "2015.??.??"]
[EventCountry "GER"]
[SourceDate "2015.09.01"]
[WhiteTeam "SC Weiße Dame Ulm"]
[BlackTeam "Stuttgarter SF"]

1. d4 Nf6 2. c4 e6 3. g3 d5 4. Nf3 Be7 5. Bg2 O-O 6. O-O dxc4 7. Ne5 Nc6 8.
Bxc6 bxc6 9. Nxc6 Qe8 10. Nxe7+ Qxe7 11. Qa4 Rd8 12. Qxc4 Rb8 13. b3 Qd7 14.
Nc3 Rb6 15. Qa4 Rc6 16. Bb2 Bb7 17. Rac1 h5 18. Rfd1 Nd5 19. Nxd5 Qxd5 20. f3
Ra6 21. Qb4 Rxa2 22. Rc5 Qd6 23. Qc3 Ba6 24. Rd2 h4 25. d5 Rxb2 26. Rxb2 hxg3
27. Rc6 gxh2+ 28. Kg2 Qf4 29. e4 exd5 30. Rxa6 dxe4 31. Ra1 Rd3 32. Qxd3 exd3
33. Rf2 d2 34. Rd1 Qh6 35. Kh1 Qb6 36. Rdxd2 Qxb3 37. Kxh2 g6 38. Kg2 a5 39.
Rc2 Qb6 40. Rc4 Qf6 1/2-1/2

[Event "WEM Meisterturnier 2015"]
[Site "Stuttgart Botnang"]
[Date "2015.09.03"]
[Round "6.7"]
[White "Gabriel, Robert"]
[Black "Reimche, Vadim"]
[Result "0-1"]
[WhiteElo "2184"]
[BlackElo "2005"]
[PlyCount "132"]
[EventDate "2015.??.??"]
[EventCountry "GER"]
[SourceDate "2015.09.01"]
[WhiteTeam "Stuttgarter SF"]
[BlackTeam "SF Ravensburg"]

1. d4 Nf6 2. Nf3 g6 3. c4 c5 4. g3 Bg7 5. Bg2 O-O 6. Nc3 Na6 7. O-O d6 8. b3
Rb8 9. Bb2 Bf5 10. Re1 Ne4 11. Nh4 Nxc3 12. Bxc3 Bg4 13. h3 Bd7 14. Qd2 b5 15.
dxc5 Bxc3 16. Qxc3 b4 17. Qd2 Nxc5 18. Qh6 Qc8 19. Kh2 Bc6 20. e4 Qb7 21. Qe3
Ne6 22. Rad1 f6 23. f4 Ng7 24. Nf3 Qb6 25. Qd2 Rfd8 26. g4 a5 27. h4 Bd7 28. f5
Qc5 29. Qh6 Be8 30. Rd5 Qf2 31. Rd2 Qa7 32. Red1 Qc7 33. Kh1 a4 34. Nd4 Qa5 35.
Ne2 axb3 36. axb3 Qe5 37. Nf4 g5 38. Nd3 Qg3 39. hxg5 Qe3 40. Nc1 Bc6 41. Rd3
Qxg5 42. Qxg5 fxg5 43. e5 Bxg2+ 44. Kxg2 h5 45. Kg3 h4+ 46. Kf3 Ne8 47. c5 Rbc8
48. cxd6 exd6 49. exd6 Rxd6 50. Rxd6 Nxd6 51. Na2 Nf7 52. Re1 Rc5 53. Nxb4 Ne5+
54. Ke4 Rb5 55. Nd5 Nxg4 56. Rg1 Nf2+ 57. Kd4 g4 58. Nf6+ Kf7 59. Kc4 Kxf6 60.
Kxb5 h3 61. Rf1 h2 62. Rxf2 h1=Q 63. Rc2 Qb7+ 64. Kc4 g3 65. b4 g2 66. Rc1 Qc7+
0-1

[Event "WEM Meisterturnier 2015"]
[Site "Stuttgart Botnang"]
[Date "2015.09.03"]
[Round "6.8"]
[White "Gheng, Josef"]
[Black "Gabriel, Josef"]
[Result "1-0"]
[WhiteElo "2376"]
[BlackElo "2094"]
[PlyCount "71"]
[EventDate "2015.??.??"]
[EventCountry "GER"]
[SourceDate "2015.09.01"]
[WhiteTeam "SC Erdmannhausen"]
[BlackTeam "Stuttgarter SF"]

1. d4 g6 2. e4 Bg7 3. Nc3 d6 4. Be3 c6 5. a4 Na6 6. h4 h6 7. Qd2 Nf6 8. f3 Nb4
9. a5 e5 10. dxe5 dxe5 11. Qxd8+ Kxd8 12. O-O-O+ Ke8 13. Na4 b5 14. axb6 axb6
15. Nxb6 Ra1+ 16. Kd2 Rxd1+ 17. Kxd1 Be6 18. Bc4 Bxc4 19. Nxc4 Nd7 20. Ne2 Ke7
21. c3 Na6 22. h5 Rd8 23. Kc2 f5 24. hxg6 fxe4 25. fxe4 Ndc5 26. Ng3 Kf6 27.
Ra1 Ra8 28. Bxc5 Nb4+ 29. Kb1 Rxa1+ 30. Kxa1 Nc2+ 31. Kb1 Ne1 32. Nh5+ Kxg6 33.
Nxg7 Kxg7 34. Nxe5 Nxg2 35. Nxc6 Kf6 36. b4 1-0

[Event "WEM Meisterturnier 2015"]
[Site "Stuttgart Botnang"]
[Date "2015.09.03"]
[Round "6.9"]
[White "Bader, Gerd"]
[Black "Höglauer, Patrick"]
[Result "1-0"]
[WhiteElo "2040"]
[BlackElo "2168"]
[PlyCount "38"]
[EventDate "2015.??.??"]
[EventCountry "GER"]
[SourceDate "2015.09.01"]
[WhiteTeam "SG Schwäbisch Gmünd"]
[BlackTeam "SV Backnang"]

1. e4 c6 2. d3 d5 3. Nd2 e5 4. Ngf3 Nd7 5. d4 exd4 6. exd5 c5 7. Nc4 Qe7+ 8.
Be2 Qe4 9. O-O Qxd5 10. Re1 Be7 11. Ne3 Qc6 12. Nf5 Kf8 13. a4 Bf6 14. Bf4 Ne5
15. Nxe5 Bxe5 16. Bb5 Qg6 17. Nh4 Qg4 18. Qxg4 Bxg4 19. Bxe5 f6 1-0

[Event "WEM Meisterturnier 2015"]
[Site "Stuttgart Botnang"]
[Date "2015.09.03"]
[Round "6.11"]
[White "Koch, Martin"]
[Black "Reck, Moritz"]
[Result "0-1"]
[WhiteElo "2058"]
[BlackElo "2157"]
[PlyCount "70"]
[EventDate "2015.??.??"]
[EventCountry "GER"]
[SourceDate "2015.09.01"]
[WhiteTeam "SC Botnang"]
[BlackTeam "TSV Schönaich"]

1. e4 g6 2. d4 Bg7 3. c4 d6 4. Nc3 Nc6 5. Nf3 Bg4 6. Be3 e5 7. d5 Bxf3 8. gxf3
Nd4 9. Be2 a6 10. f4 c5 11. dxc6 bxc6 12. O-O Nh6 13. Kh1 O-O 14. Qd2 Qh4 15.
fxe5 Nxe2 16. Qxe2 Ng4 17. f3 Nxe3 18. Qxe3 dxe5 19. Rad1 Bh6 20. Qf2 Qh3 21.
Rd6 Rad8 22. Rfd1 Qc8 23. Kg2 Rxd6 24. Rxd6 Rd8 25. Rxd8+ Qxd8 26. Qe2 Bf4 27.
Qd1 Qh4 28. Qh1 Be3 29. Qf1 Qg5+ 30. Kh1 Bd4 31. Qe1 h5 32. b3 h4 33. Ne2 c5
34. Nxd4 exd4 35. a3 d3 0-1

[Event "WEM Meisterturnier 2015"]
[Site "Stuttgart Botnang"]
[Date "2015.09.03"]
[Round "6.12"]
[White "Gustain, Marc"]
[Black "Behrendt, Clemens"]
[Result "1-0"]
[WhiteElo "2156"]
[BlackElo "2120"]
[PlyCount "134"]
[EventDate "2015.??.??"]
[EventCountry "GER"]
[SourceDate "2015.09.01"]
[WhiteTeam "SF Deizisau"]
[BlackTeam "SC Böblingen"]

1. e4 c5 2. Nf3 d6 3. c3 g6 4. d4 cxd4 5. Qxd4 e5 6. Nxe5 Bg7 7. Qa4+ Kf8 8.
Nf3 Nf6 9. Bd3 Bg4 10. Nbd2 Nbd7 11. O-O Nc5 12. Qc2 Qe7 13. Re1 Nxd3 14. Qxd3
Nd7 15. Nb3 Ne5 16. Nxe5 dxe5 17. Be3 b6 18. f3 Be6 19. Red1 f6 20. Qb5 Rc8 21.
Rd2 Kf7 22. Rad1 Rc7 23. Nc1 Qe8 24. Qxe8+ Rxe8 25. a3 Bf8 26. Rd8 Be7 27. Rxe8
Kxe8 28. Kf2 Kf7 29. Nd3 Bb3 30. Rd2 Ke6 31. g3 Ba4 32. h4 Bb5 33. Nc1 h5 34.
Ne2 Rc4 35. b3 Rc8 36. c4 Ba6 37. Rc2 g5 38. Nc3 gxh4 39. gxh4 f5 40. Bg5 Bc5+
41. Ke2 Bd4 42. exf5+ Kxf5 43. Ne4 Rc6 44. Ng3+ Kg6 45. Be3 Ba1 46. a4 Rc7 47.
Rd2 Bxc4+ 48. bxc4 Rxc4 49. Rd6+ Kf7 50. Rd7+ Ke6 51. Rxa7 Bd4 52. Bxd4 Rxd4
53. Ne4 Rb4 54. a5 bxa5 55. Ra6+ Kd5 56. Rxa5+ Kd4 57. Ra2 Kd5 58. Ra5+ Kd4 59.
Ra2 Kd5 60. Rd2+ Kc4 61. Kf2 Rb6 62. Ng3 Rf6 63. Rd7 Rf4 64. Rh7 Rxh4 65. Rxh5
Rd4 66. Rxe5 Rd2+ 67. Re2 Rd7 1-0

[Event "WEM Meisterturnier 2015"]
[Site "Stuttgart Botnang"]
[Date "2015.09.03"]
[Round "6.13"]
[White "Schmidt, Olaf"]
[Black "Schaffert, Walter"]
[Result "0-1"]
[WhiteElo "2154"]
[BlackElo "2091"]
[PlyCount "48"]
[EventDate "2015.??.??"]
[EventCountry "GER"]
[SourceDate "2015.09.01"]
[WhiteTeam "SF Pfullingen"]
[BlackTeam "SG Ludwigsburg"]

1. b3 e5 2. Bb2 Nc6 3. e3 Nf6 4. Nf3 e4 5. Nd4 Nxd4 6. Bxd4 d5 7. c4 c6 8. Bxf6
gxf6 9. cxd5 Qxd5 10. Nc3 Qe5 11. h4 Rg8 12. h5 Bg4 13. Qc2 f5 14. a3 O-O-O 15.
b4 Kb8 16. Rb1 Be7 17. b5 c5 18. b6 a6 19. Bc4 Rd7 20. Rb2 Bf6 21. Rb3 Rgd8 22.
Nb1 Qa1 23. O-O Qe5 24. Bb5 Bf3 0-1

[Event "WEM Meisterturnier 2015"]
[Site "Stuttgart Botnang"]
[Date "2015.09.03"]
[Round "6.14"]
[White "Amos, Frank"]
[Black "Meschke, Andreas"]
[Result "1/2-1/2"]
[WhiteElo "2106"]
[BlackElo "2098"]
[PlyCount "33"]
[EventDate "2015.??.??"]
[EventCountry "GER"]
[SourceDate "2015.09.01"]
[WhiteTeam "SK Lauffen"]
[BlackTeam "SV Marbach"]

1. e4 e5 2. Nf3 Nc6 3. Bb5 Bb4 4. O-O Nge7 5. c3 Ba5 6. d4 exd4 7. cxd4 d5 8.
e5 O-O 9. Nbd2 Bg4 10. h3 Bh5 11. Nb3 Bb6 12. Be3 (12. g4 Bg6 13. Nh4 Be4 14.
f3 Bg6 15. Bf4) 12... f6 13. g4 Bg6 14. exf6 Rxf6 15. Bg5 Re6 16. Bxc6 bxc6 17.
Rc1 1/2-1/2

[Event "WEM Meisterturnier 2015"]
[Site "Stuttgart Botnang"]
[Date "2015.09.03"]
[Round "6.15"]
[White "Müller, Nils Samuel"]
[Black "Fuß, Klaus"]
[Result "0-1"]
[WhiteElo "1815"]
[BlackElo "2099"]
[PlyCount "114"]
[EventDate "2015.??.??"]
[EventCountry "GER"]
[SourceDate "2015.09.01"]
[WhiteTeam "SG KK Hohentübingen"]
[BlackTeam "SG Turm Albstadt"]

1. e4 c5 2. Nf3 Nc6 3. d4 cxd4 4. Nxd4 Nf6 5. Nc3 e6 6. Bg5 Bb4 7. Nde2 O-O 8.
a3 Be7 9. Bxf6 Bxf6 10. f4 Bxc3+ 11. Nxc3 Qb6 12. Qd2 Qxb2 13. Rb1 Qxa3 14. Nb5
Qc5 15. Rb3 a6 16. Rc3 Qb4 17. Nd6 Nd4 18. e5 f6 19. Bc4 fxe5 20. fxe5 Qb1+ 21.
Qd1 Qxd1+ 22. Kxd1 Nf5 23. Be2 Nxd6 24. exd6 Rf4 25. Kc1 Rd4 26. Rd1 Rxd1+ 27.
Bxd1 Rb8 28. Rc7 Kf7 29. c4 b6 30. Kd2 Kf6 31. c5 bxc5 32. Ba4 Ke5 33. Bxd7
Kxd6 34. Rxc8 Rb2+ 35. Kc3 Kxd7 36. Rxc5 Rxg2 37. Ra5 Rxh2 38. Rxa6 Ke7 39. Kd4
Kf6 40. Ke4 Rh4+ 41. Kf3 g5 42. Kg3 Rb4 43. Ra8 h5 44. Rf8+ Kg7 45. Re8 Rb3+
46. Kh2 Kf6 47. Rh8 h4 48. Rf8+ Kg6 49. Rg8+ Kf5 50. Rf8+ Kg4 51. Re8 Rb2+ 52.
Kg1 Re2 53. Rg8 h3 54. Kh1 e5 55. Rg7 e4 56. Rg6 e3 57. Rg8 Rd2 0-1

[Event "WEM Meisterturnier 2015"]
[Site "Stuttgart Botnang"]
[Date "2015.09.04"]
[Round "7.1"]
[White "Namyslo, Holger"]
[Black "Reuß, Andreas"]
[Result "0-1"]
[WhiteElo "2227"]
[BlackElo "2324"]
[PlyCount "100"]
[EventDate "2015.??.??"]
[EventCountry "GER"]
[SourceDate "2015.09.01"]
[WhiteTeam "TG Biberach"]
[BlackTeam "Stuttgarter SF"]

1. e4 c6 2. d4 d5 3. e5 Bf5 4. Nf3 e6 5. Be2 Nd7 6. O-O c5 7. c4 Ne7 8. Nc3
dxc4 9. Bxc4 cxd4 10. Nb5 Nc6 11. Nbxd4 Ndxe5 12. Bb5 a6 13. Nxe5 axb5 14.
Nexc6 bxc6 15. Qf3 Qd5 16. Qxd5 cxd5 17. Nxb5 Kd7 18. Nd4 Bg6 19. f4 Be4 20.
Be3 Be7 21. Rfc1 Rhb8 22. b3 Ba3 23. Re1 Bb2 24. Rad1 Rxa2 25. Rd2 Rba8 26. Nf3
Bxf3 27. gxf3 Bc3 28. Rxa2 Rxa2 29. Rc1 d4 30. Rd1 Kc6 31. Bxd4 Ra1 32. Bxc3
Rxd1+ 33. Kf2 g6 34. Ba5 Rb1 35. b4 Rb2+ 36. Kg3 h6 37. h3 Kb5 38. Kh4 Kc4 39.
Kg4 Rg2+ 40. Kh4 f5 41. Bc7 Kxb4 42. Be5 Kc4 43. Bg7 Kd3 44. Bxh6 Ke3 45. Bg5
Kxf3 46. Bh6 Ke4 47. Bg5 e5 48. fxe5 Kxe5 49. Bh6 g5+ 50. Bxg5 f4 0-1

[Event "WEM Meisterturnier 2015"]
[Site "Stuttgart Botnang"]
[Date "2015.09.04"]
[Round "7.2"]
[White "Kabisch, Thilo"]
[Black "Hirneise, Jens"]
[Result "1-0"]
[WhiteElo "2286"]
[BlackElo "2254"]
[PlyCount "185"]
[EventDate "2015.??.??"]
[EventCountry "GER"]
[SourceDate "2015.09.01"]
[WhiteTeam "SK Schmiden/Cannstatt"]
[BlackTeam "SF Deizisau"]

1. e4 c5 2. Nf3 Nc6 3. d4 cxd4 4. Nxd4 Nf6 5. Nc3 d6 6. Bc4 e6 7. a3 Be7 8. Ba2
O-O 9. O-O Bd7 10. Kh1 Nxd4 11. Qxd4 Bc6 12. Bg5 h6 13. Bh4 g5 14. Bg3 Nh5 15.
Qd3 Nxg3+ 16. Qxg3 Bf6 17. Rad1 Bxc3 18. Rxd6 Qf6 19. bxc3 Bxe4 20. Bb3 Rfd8
21. Rfd1 Rxd6 22. Rxd6 Rc8 23. Rd4 Qf5 24. h4 Kh7 25. Qe3 Bc6 26. Bc4 Bb5 27.
Bxb5 Qxb5 28. c4 Qf5 29. hxg5 hxg5 30. f3 Kg6 31. Qd3 Kf6 32. g4 Qe5 33. Rd8
Rxd8 34. Qxd8+ Kg7 35. Kg2 Qe2+ 36. Kg3 Qe3 37. a4 b6 38. Kg2 a5 39. Qd3 Qc5
40. c3 Qc6 41. Qd8 Qc5 42. Qd4+ e5 43. Qe4 Qd6 44. Qd5 Qc5 45. Qe4 Qd6 46. Qd5
Qc5 47. Qd2 f6 48. Qd7+ Kg6 49. Qd3+ Kg7 50. Kf1 Qc6 51. Qd5 Qxa4 52. Qb7+ Kf8
53. Qb8+ Ke7 54. Qc7+ Qd7 55. Qxb6 a4 56. Qb4+ Ke6 57. Ke2 Qa7 58. Qa3 Qa6 59.
Qa2 Kd7 60. Kd3 Qc6 61. Kc2 e4 62. c5 exf3 63. Qf7+ Kc8 64. Qf8+ Kb7 65. Qf7+
Ka6 66. Qc4+ Qb5 67. Qe6+ Ka5 68. Qxf6 Qe2+ 69. Kc1 Kb5 70. Qb6+ Kc4 71. Qb4+
Kd5 72. Qd4+ Ke6 73. Qd6+ Kf7 74. Qd7+ Qe7 75. Qd5+ Kg7 76. Qxf3 Qxc5 77. Qb7+
Kf6 78. Qf3+ Ke5 79. Qf5+ Kd6 80. Qf8+ Kd5 81. Qf7+ Ke4 82. Kc2 Qd5 83. Qe8+
Kf3 84. Qxa4 Qe4+ 85. Qxe4+ Kxe4 86. c4 Kf4 87. c5 Kxg4 88. c6 Kf3 89. c7 g4
90. c8=Q g3 91. Qf5+ Ke2 92. Qg4+ Kf2 93. Qf4+ 1-0

[Event "WEM Meisterturnier 2015"]
[Site "Stuttgart Botnang"]
[Date "2015.09.04"]
[Round "7.3"]
[White "Fischer, Sebastian"]
[Black "Schmidt, Tobias"]
[Result "1-0"]
[WhiteElo "2222"]
[BlackElo "2121"]
[PlyCount "47"]
[EventDate "2015.??.??"]
[EventCountry "GER"]
[SourceDate "2015.09.01"]
[WhiteTeam "TSV Schönaich"]
[BlackTeam "SC Erdmannhausen"]

1. d4 e6 2. Nf3 d5 3. Bg5 f6 4. Bd2 c5 5. e3 Bd6 6. c4 Ne7 7. Nc3 Nbc6 8. Rc1
cxd4 9. exd4 O-O 10. a3 a6 11. Bd3 Kh8 12. O-O dxc4 13. Bxc4 e5 14. d5 Nd4 15.
Nxd4 exd4 16. Ne4 a5 17. Qf3 Be5 18. Rfe1 Rb8 19. Nc5 b5 20. Ba2 b4 21. axb4
axb4 22. Bb3 Qd6 23. Rxe5 Rb5 24. Nd3 1-0

[Event "WEM Meisterturnier 2015"]
[Site "Stuttgart Botnang"]
[Date "2015.09.04"]
[Round "7.4"]
[White "Maj, Kornel"]
[Black "Latzke, Boris Alexander"]
[Result "1/2-1/2"]
[WhiteElo "2051"]
[BlackElo "2257"]
[PlyCount "62"]
[EventDate "2015.??.??"]
[EventCountry "GER"]
[SourceDate "2015.09.01"]
[WhiteTeam "Stuttgarter SF"]
[BlackTeam "SK Bebenhausen"]

1. e4 e5 2. Nf3 Nc6 3. d4 exd4 4. Nxd4 Bb4+ 5. c3 Bc5 6. Be3 Bb6 7. Bc4 Nf6 8.
Nxc6 bxc6 9. Bxb6 axb6 10. e5 Nd5 11. O-O O-O 12. Nd2 d6 13. Nf3 Bg4 14. Bxd5
cxd5 15. Qxd5 Ra5 16. Qe4 Bxf3 17. Qxf3 Rxe5 18. a4 Qa8 19. Qxa8 Rxa8 20. b3
Kf8 21. Rfe1 Ke7 22. f4 Rxe1+ 23. Rxe1+ Kd7 24. Kf2 d5 25. Ke3 Kd6 26. Kd3 c6
27. g3 c5 28. Ra1 Kc6 29. Re1 Kd6 30. Ra1 Kc6 31. Re1 Kd6 1/2-1/2